01698 a2200277 45000010006000000050017000060080041000230030015000640400040000790800039001192450059001582640109002173000019003265050716003450410008010611000026010697000034010957000036011297000037011657000017012027000018012197000019012377000019012567000087012757000058013621336020260407155442.0260407a1985 arg spa dAR-UNSa-BCEJYS aAR-UNSa-BCEJYSbspacAR-UNSa-BCEJYS a657.6xAuditoria (control interno)10aManual de auditoríaparea auditoría. Informe Nº 5 1aBuenos Aires :bFACPCE (Federación Argentina de Consejos Profesionales de Ciencias Económicas)c1985 a504 p.c22 cm. a1. Conceptos generales - 2. Planificación de la auditoria - 3. Evaluación de los elementos de control - 4. Las pruebas en auditoria - 5. Papeles de trabajo - 6. Caja y bancos - 7. Cuentas por cobrar y ventas - 8. Bienes de cambio y costo de ventas - 9. Inversiones y sus resultados - 10. Bienes de uso y amortizaciones - 11. Activos intangibles - 12. Compras y deudas - 13. Previsiones - 14. Patrimonio neto - 15. Estado de resultado - 16. Notas y cuentas de orden - 17. Estado de origen y aplicación del capital de trabajo - 18. Revisión del ajuste de los estados contables por inflación - 19. Trabajos finales e informes del auditor - 20. Procedimientos de auditoria en un contexto computarizado.  aspa1 aLattuca, Antonio Juan1 aMora, Cayetano Angel Víctor1 aEscribano Martínez, Florencio1 aRodríguez Rodríguez, Ernesto1 aBrojt, David1 aGallo, Daniel1 aRoura, Osvaldo1 aBlanco, Miguel1 aFederación Argentina de Consejos Profesionales de Ciencias Económicas (FACPCE)1 aCentro de Estudios Científicos y Técnicos (CECYT)